书目信息 |
| 题名: |
大败局
|
|
| 作者: | 吴晓波 著 | |
| 分册: | ||
| 出版信息: | 杭州 浙江人民出版社 2001.01 |
|
| 页数: | 267页 | |
| 开本: | 21cm | |
| 丛书名: | ||
| 单 册: | ||
| 中图分类: | F279.23 | |
| 科图分类: | ||
| 主题词: | 企业管理--qi ye guan li--案例--中国 | |
| 电子资源: | ||
| ISBN: | 978-7-213-02151-0 | |
| 000 | 01016nam 2200277 450 | |
| 001 | 2431421077 | |
| 005 | 20241126084549.25 | |
| 010 | @a978-7-213-02151-0@dCNY29.00 | |
| 100 | @a20070924d2001 km y0chiy0120 ea | |
| 101 | 0 | @achi |
| 102 | @aCN@b330000 | |
| 105 | @aac z 000yy | |
| 200 | 1 | @a大败局@Ada bai ju@f吴晓波著@Fwu xiao bo zhu |
| 205 | @a第2版 | |
| 210 | @a杭州@c浙江人民出版社@d2001.01 | |
| 215 | @a267页@c图, 肖像@d21cm | |
| 225 | 2 | @Alan shi zi cai jing cong shu@i中国著名公司案例系列 |
| 300 | @a迄今唯一一本关于中国企业失败的MBN式教案 | |
| 330 | @a本书旨在解读中国新兴企业盛极而衰的“失败基因”。深刻剖析十家曾经显赫一时的大企业在激烈的市场竞争中节节败退,归于沉寂的方方面面的原因。 | |
| 410 | 0 | @12001 @i中国著名公司案例系列@Alan shi zi cai jing cong shu@i中国著名公司案例系列 |
| 503 | @n河南城建学院图书馆 | |
| 606 | 0 | @a企业管理@Aqi ye guan li@x案例@y中国 |
| 690 | @aF279.23@v4 | |
| 701 | 0 | @a吴晓波@Awu xiao bo@4著 |
| 801 | 0 | @aCN@c20071106 |
| 905 | @b263124-26@dF279.23@eW8901@f3 | |
| 大败局/吴晓波著.-第2版.-杭州:浙江人民出版社,2001.01 |
| 267页:图, 肖像;21cm.-(.中国著名公司案例系列) |
| 迄今唯一一本关于中国企业失败的MBN式教案 |
| ISBN 978-7-213-02151-0:CNY29.00 |
| 本书旨在解读中国新兴企业盛极而衰的“失败基因”。深刻剖析十家曾经显赫一时的大企业在激烈的市场竞争中节节败退,归于沉寂的方方面面的原因。 |
| ● |
| 相关链接 |
|
|
|
正题名:大败局
索取号:F279.23/W8901
 
预约/预借
| 序号 | 登录号 | 条形码 | 馆藏地/架位号 | 状态 | 备注 |
| 1 | 1554227 | 215542278 | 社科库409/ [索取号:F279.23/W8901] | 在馆 |